000 00567nam a2200181 i 4500
001 140342
003 ES-MaACL
005 20240516205237.0
007 t|
008 070214s1945 sp r ||||1| spa d
100 1 _aSegura Otaño, Enrique.
_9105204
245 1 0 _aVida de Eça de Queiroz /
_cpor Enrique Segura.
260 _aMadrid :
_b[s. n.],
_c1945 (
_eBadajoz :
_fImp. de la Excma. Diputación Provincial)
300 _a213 p. ;
_c22 cm.
600 1 4 _aQueirós, Eça de,
_d1845-1900
_994499
852 _aES-MaACL
_jE-2165
_bR.21874
999 _c140342
_d140342